000 00968npm a2200229 i 4500
001 5220
003 ES-MaACL
005 20230908132336.0
007 hzrazu bucu
008 900424r19901918ve a 001 0 spa d
080 _a05(871 Caracas)Cultura
080 _a05(87)
245 0 0 _aCultura venezolana
_b: [Microforma].
260 _aMadrid :
_bAteneo Cientifico, Literario y Artistico,
_c1990.
300 _a6 carretes de microfilme :
_bnegativo ;
_c16 mm.
500 _aPublicado originalmente: Caracas, Imp. Cultura Venezolana, 1918-191, periodicidad mensual.
505 8 _aCarrete n. 1: 1918 (jun.) a 1920 (nov., p.96) -- Carrete n. 2: 1920 a 1923 (en., p.319) -- Carrete n. 3: 1923 a 1926 (jun.) -- Carrete n. 4: 1926 a 1928 (agos.) -- Carrete n. 5: 1928 a 1930 (febr., p.197) -- Carrete n. 6: 1930 a 1931
852 _aES-MaACL
_jMC-505-510
_95337
_cDEPO1
942 _2udc
_cMICROFORMA
999 _c5220
_d5220